Planning a research project : a guide for practitioners and trainees in the helping professions (Record no. 30477)

MARC details
000 -LEADER
fixed length control field 00418nam a22001457a 4500
003 - CONTROL NUMBER IDENTIFIER
control field OSt
005 - DATE AND TIME OF LATEST TRANSACTION
control field 20220216091345.0
008 - FIXED-LENGTH DATA ELEMENTS--GENERAL INFORMATION
fixed length control field 220216b |||||||| |||| 00| 0 eng d
040 ## - CATALOGING SOURCE
Transcribing agency HU
082 ## - DEWEY DECIMAL CLASSIFICATION NUMBER
Classification number 361.3072 HER 1990
100 ## - MAIN ENTRY--PERSONAL NAME
Personal name Herbert, Martin
9 (RLIN) 30600
245 ## - TITLE STATEMENT
Title Planning a research project : a guide for practitioners and trainees in the helping professions
300 ## - PHYSICAL DESCRIPTION
Extent 133p
Other physical details pc
Dimensions 22cm
942 ## - ADDED ENTRY ELEMENTS (KOHA)
Source of classification or shelving scheme Dewey Decimal Classification
Koha item type Books like text book referance book
Suppress in OPAC No
Holdings
Withdrawn status Lost status Source of classification or shelving scheme Damaged status Not for loan Collection code Home library Current library Shelving location Date acquired Total Checkouts Full call number Barcode Date last seen Copy number Price effective from Koha item type
    Dewey Decimal Classification     Non-fiction Wondo Genet Library Wondo Genet Library General Stacks 02/16/2022   361.3072 HER 1990 HUWGCFL00010926 02/16/2022 1 02/16/2022 Books like text book referance book
    Dewey Decimal Classification     Non-fiction Wondo Genet Library Wondo Genet Library General Stacks 02/16/2022   361.3072 HER 1990 HUWGCFL00010927 02/16/2022 2 02/16/2022 Books like text book referance book